Prekážky a príležitosti pre opravy stavieb financovaných s podporou Európskych fondov

Druhé plánovacie obdobie (DPO) programovania európskych štrukturálnych fondov pre regionálny rozvoj. Opatrenia pre DPO zhrnuté v Národnom strategickom referenčnom rámci. Desať operačných programov. Inovatívne finančné nástroje. Nové možnosti pre podnikateľskú sféru: PPP: public-private-partnerships...

Descrizione completa

Salvato in:
Dettagli Bibliografici
Autore principale: Filo, Peter
Natura: Capitolo di libro
Lingua:slovacco
Soggetti:
Tags: Aggiungi Tag
Nessun Tag, puoi essere il primo ad aggiungerne!!

MARC

LEADER 00000naa$a2200000$$$4500
001 0054692
005 20240711092815.2
041 0 |a slo 
044 |a SK 
245 1 0 |a Prekážky a príležitosti pre opravy stavieb financovaných s podporou Európskych fondov  |c Peter Filo 
520 |a Druhé plánovacie obdobie (DPO) programovania európskych štrukturálnych fondov pre regionálny rozvoj. Opatrenia pre DPO zhrnuté v Národnom strategickom referenčnom rámci. Desať operačných programov. Inovatívne finančné nástroje. Nové možnosti pre podnikateľskú sféru: PPP: public-private-partnerships a nepriama účasť na projektoch. Prekážky pri čerpaní eurofondov. Pomôcky pre projektových manžérov. 
610 2 0 |a spolupráca hospodárska medzinárodná 
610 2 0 |a Európska únia 
610 2 0 |a fondy štruktúrne 
610 2 0 |a projekty 
610 2 0 |a rozvoj regionálny 
610 2 0 |a stavebníctvo 
100 1 |a Filo, Peter